000 00500nam a2200181 a 4500
005 20140412111333.0
008 050418s19uu xx 00 eng d
020 _a0-8136-3946-8
050 _aBB
_bNi692 1987
100 _aTanner, Jane
245 _aNiki's walk /
_cJane Tanner.
260 _a[s.l.] :
_bModern Curriculum Press,
_c1987.
300 _a1 v. (unp.) ; ill.
500 _aPicture book withou words
650 _aCommunities
_xFiction
650 _aChildren stoires
999 _c104972
_d104972